BIBLIOTECA PODER JUDICIAL
Portal Judicial TDF

Código procesal civil y comercial de la Nación / (Registro nro. 1609)

000 -LEADER
fixed length control field 01121nam a22002177a 4500
003 - CONTROL NUMBER IDENTIFIER
control field OSt
005 - DATE AND TIME OF LATEST TRANSACTION
control field 20181003070636.0
008 - FIXED-LENGTH DATA ELEMENTS--GENERAL INFORMATION
fixed length control field 180220b xxu||||| |||| 00| 0 spa d
040 ## - CATALOGING SOURCE
Transcribing agency PJ
100 ## - ASIENTO PRINCIPAL - NOMBRE DE PERSONA
Personal name Palacio, Lino Enrique
9 (RLIN) 2105
245 10 - MENCIÓN DE TÍTULO
Título propiamente dicho Código procesal civil y comercial de la Nación /
Mención de responsabilidad, etc Lino E. Palacio, Adolfo Alvarado Velloso.
260 ## - PUBLICATION, DISTRIBUTION, ETC. (IMPRINT)
Place of publication, distribution, etc Santa Fe :
Name of publisher, distributor, etc Rubinzal-Culzoni,
Date of publication, distribution, etc 1988-1998.
300 ## - DESCRIPCION FISICA
Extent 10 v. ;
Dimensions 23 cm.
500 ## - NOTA GENERAL
General note Explicado sistemáticamente en concordancia con los códigos procesales vigentes en todas las provincias de Argentina y en el Paraguay; anotado jurisprudencial y bibliográficamente.
505 ## - FORMATTED CONTENTS NOTE
Formatted contents note Contenido:<br/>v. 1: Arts. 1 al 33<br/>v. 2: Arts. 34 al 58<br/>v. 3: Arts. 59 al 114<br/>v. 4: Arts. 115 al 194<br/>v. 5: Arts. 195 a 237<br/>v. 6: Arts. 238 al 303<br/>v. 7: Arts. 304 al 359<br/>v. 8: Arts. 360 al 485<br/>v. 9: Arts. 486 al 558 bis<br/>v. 10: Arts. 559 al 688
650 #0 - ASIENTO SECUNDARIO DE MATERIA - TERMINO TEMATICO
Topical term or geographic name as entry element CODIGO PROCESAL CIVIL Y COMERCIAL
9 (RLIN) 2447
650 #0 - ASIENTO SECUNDARIO DE MATERIA - TERMINO TEMATICO
Topical term or geographic name as entry element OBRA DE REFERENCIA
9 (RLIN) 2443
700 ## - ADDED ENTRY--PERSONAL NAME
9 (RLIN) 1945
Personal name Alvarado Velloso, Adolfo
710 ## - ASIENTO SECUNDARIO - NOMBRE CORPORATIVO
9 (RLIN) 2448
Corporate name or jurisdiction name as entry element Argentina. Códigos
942 ## - ADDED ENTRY ELEMENTS (KOHA)
Source of classification or shelving scheme
Koha item type Libros
Classification part 347(094.4)
Item part COL
Existencias
Withdrawn status Lost status Source of classification or shelving scheme Damaged status Not for loan Permanent Location Current Location Date acquired Serial Enumeration / chronology Full call number Barcode Date last seen Price effective from Koha item type Total Checkouts Date checked out
          Biblioteca Poder Judicial Norte Biblioteca Poder Judicial Norte 2018-10-02 V. 10 347.9(094.4) PAL RG 0999 2024-12-02 2018-10-02 Libros    
          Biblioteca Poder Judicial Sur Biblioteca Poder Judicial Sur 2018-10-02 V. 1 347.9(094.4) PAL 6274 2018-10-02 2018-10-02 Libros    
          Biblioteca Poder Judicial Sur Biblioteca Poder Judicial Sur 2018-10-02 V. 2 347.9(094.4) PAL 0613 2018-10-02 2018-10-02 Libros    
          Biblioteca Poder Judicial Sur Biblioteca Poder Judicial Sur 2018-10-02 V. 3 347.9(094.4) PAL 0614 2018-10-02 2018-10-02 Libros    
          Biblioteca Poder Judicial Sur Biblioteca Poder Judicial Sur 2018-10-02 V. 4 347.9(094.4) PAL 0615 2018-10-02 2018-10-02 Libros    
          Biblioteca Poder Judicial Sur Biblioteca Poder Judicial Sur 2018-10-02 V. 5 347.9(094.4) PAL 0616 2018-10-02 2018-10-02 Libros    
          Biblioteca Poder Judicial Sur Biblioteca Poder Judicial Sur 2018-10-02 V. 6 347.9(094.4) PAL 6275 2018-10-02 2018-10-02 Libros    
          Biblioteca Poder Judicial Sur Biblioteca Poder Judicial Sur 2018-10-02 V. 7 347.9(094.4) PAL 0617 2019-11-06 2018-10-02 Libros 1 2019-10-18
          Biblioteca Poder Judicial Sur Biblioteca Poder Judicial Sur 2018-10-02 V. 8 347.9(094.4) PAL 0618 2018-10-02 2018-10-02 Libros    
          Biblioteca Poder Judicial Sur Biblioteca Poder Judicial Sur 2018-10-02 V. 10 347.9(094.4) PAL 3850 2018-10-02 2018-10-02 Libros    
          Biblioteca Poder Judicial Sur Biblioteca Poder Judicial Sur 2018-10-02 V. 9 347.9(094.4) PAL 0619 2018-10-02 2018-10-02 Libros    

12 de Octubre 789 Ushuaia - Tel:  54(02901)441571
Horario de Atención: 8.00 a 17.00 hs. 
bibliotecaush@justierradelfuego.gov.ar
koha@justierradelfuego.gov.ar
Seguinos en nuestras redes @bibliojustdf 

Con tecnología Koha